000 00581nam a22001697a 4500
005 20251108172633.0
008 250721s1996 xx 000 0 ara d
082 1 4 _a338,9302/قدا
100 1 _aالقدال، محمد سعيد
245 1 0 _aالسياسة الإقتصاديه للدول المهدية: مصادرها - مظاهرها - تطبيقها 1881-1898 /
264 1 _aبيروت :
_bدار الجيل،
_c1996.
300 _a263 ص.
650 1 7 _aالتنمية الإقتصادية
650 1 7 _aتاريخ السودان
942 _2ddc
_cBK
999 _c84649
_d84649